載入...
Optical nano and micro actuator technology
| 主要作者: | |
|---|---|
| 格式: | Printed Book |
| 出版: |
Boca Raton
CRC press
|
| 主題: |
| LEADER | 00444nam a22001337a 4500 | ||
|---|---|---|---|
| 020 | |a 9781439840535 | ||
| 082 | |a 621.3827 |b KNO.O | ||
| 100 | |a George K Knopf | ||
| 245 | |a Optical nano and micro actuator technology | ||
| 260 | |a Boca Raton |b CRC press | ||
| 650 | |a Optical actuation | ||
| 942 | |c BK | ||
| 999 | |c 2020 |d 2020 | ||
| 952 | |0 0 |1 0 |4 0 |6 621_382700000000000_KNO_O |7 0 |8 NFIC |9 2027 |a CAMPUS |b CAMPUS |d 2015-02-20 |l 0 |o 621.3827 KNO.O |p 19521 |r 2015-02-20 |w 2015-02-20 |y BK | ||